| 000 | 00625nam a2200205 a 4500 | ||
|---|---|---|---|
| 005 | 20230331063750.0 | ||
| 008 | 060523s2004 cl r 000 0 spa d | ||
| 020 | _a9582007834 (10 dígitos) | ||
| 020 | _a9789582007836 (13 dígitos) | ||
| 035 | _aUPN01000144628 | ||
| 049 | _aCG | ||
| 050 | 4 |
_aLC1091 _bM3.3 |
|
| 100 | 1 |
_aMagendzo, Abraham _929097 |
|
| 245 | 1 | 0 |
_aFormación ciudadana / _cAbraham Magendzo. |
| 260 |
_aBogotá : _bCooperativa Editorial Magisterio, _c2004. |
||
| 300 | _a119 p. | ||
| 440 | 0 |
_aTransversales. _pCultura democrática |
|
| 650 | 4 |
_aCiudadanía _xEstudio y enseñanza _910629 |
|
| 905 | _aLibro | ||
| 999 |
_c116775 _d116775 |
||